000
00309nam a22001457a 4500
008
210311b ||||| |||| 00| 0 eng d
020
_a
9780937175842
041
_a
eng
080
_a
004
082
_a
004
100
_a
35
101
_a
SHKI
245
_a
Lerarning GNU Emacs
_c
Cameron,D
942
_2
udc
_c
BK
999
_c
56463
_d
56463